| 000 | 00981nam a2200229 a 4500 | ||
|---|---|---|---|
| 001 | 64327 | ||
| 003 | BD-RjUL | ||
| 005 | 20211209081308.0 | ||
| 008 | 170213s1990 ii |||| ||| 000 0 ben d | ||
| 035 | _a(BD-RjUL)64457 | ||
| 040 |
_aBD-RjUL _bben _cBD-RjUL _dBD-RjUL |
||
| 041 | _aben | ||
| 082 |
_223 _a891.44209 _bCHR 1990 |
||
| 100 |
_aচ্যাটার্জি, শিবব্রত _9186143 |
||
| 245 | 1 | 0 |
_aরবীন্দ্রনাথের নাটকের সংলাপ / _cশিবব্রত চ্যাটার্জি |
| 260 |
_aকলিকাতা : _bজিজ্ঞাসা এজেন্সী লিমিটেড, _c১৯৯০ |
||
| 300 |
_a১৮০ পৃ. ; _c২১ সেমি. |
||
| 504 | _aগ্রন্থপঞ্জি সংযুক্ত | ||
| 650 |
_aবাংলা নাটক _9145546 _vইতিহাস ও সমালোচনা |
||
| 650 |
_aBengali Drama _9145547 _vHistory and Criticism |
||
| 942 |
_2ddc _cBK |
||
| 999 |
_c64327 _d64327 |
||